| 000 | 00653nam a22001697a 4500 | ||
|---|---|---|---|
| 082 |
_a891.439072 _bNAS |
||
| 100 | _aNaseem, Rizwana | ||
| 245 |
_a Tehqeeq o Tadween: _bKhasoosi hawala Dr.Jameel Jalbi/ _cRizwana Naseem |
||
| 260 |
_aLahore: _bFiction house, _c2019. |
||
| 300 |
_a235p. : _c25cm. |
||
| 563 | _aHB | ||
| 650 |
_aUrdu literature – History and criticism _9129462 |
||
| 880 |
_6100-01\(3\r _aرضوانہ نسیم |
||
| 880 |
_6245-02\(3\r _aتحقیق و تدوین: خصوصی حوالہ ڈاکٹر جمیل جالبی/ _bرضوانہ نسیم |
||
| 880 |
_6260-03\(3\r _aلاہور: _bفکشن ہاؤس, _c2019. |
||
| 942 |
_2ddc _cBK |
||
| 999 |
_c614174 _d614174 |
||